FIFA 15 EPL Team of the Season - Statistics

General Stats
  • This quiz has been taken 361 times
  • The average score is 11 of 18
Answer Stats
Hint Answer % Correct
GK- Spain (92) David De Gea
99%
RW- Chile (93) Alexis Sanchez
87%
LM- Belgium (95) Edin Hazard
87%
ST- Argentina (94) Sergio Aguero
87%
CDM- Serbia (88) Nemanja Matic
76%
ST- England (86) Harry Kane
73%
ST- Spain (93) Diego Costa
71%
CM- Spain (90) Cesc Fabregas
70%
CB- England (90) John Terry
70%
LB- Spain (86) Cesar Azpilicueta
55%
CB- Portugal (81) Jose Fonte
50%
LM- Democratic Republic of Congo (84) Yannick Bolasie
50%
CM- Spain (90) Santi Cazorla
42%
CM- England (84) Jordan Henderson
40%
RB- England (81) Nathaniel Clyne
40%
LB- England (74) Ryan Bertrand
32%
GK- Spain (83) Adrian
24%
ST- England (80) Charlie Austin
19%
No matching quizzes found
Score Distribution
Percent of People with Each Score
Percentile by Number Answered
Your Score History
You have not taken this quiz